01925cam a22004574i 4500003000900000005001700009008004100026020001500067020001800082035002000100040003300120082002000153100002700173245011400200264005600314300005200370336002100422337002500443338002300468504003900491504003400530505051200564526001001076526001001086526001001096526001001106526000801116526000801124526000801132526000801140526000801148526000801156526000801164630007401172650002701246650002801273650004901301650006801350651002401418651002501442PE-LiUPU20250731172859.0170105s2003 xxua rb 001 0 eng d a0825431840 a9780825431845 a(Sirsi) a165869 aPE-LiUPUbspacPE-LiUPUerda04a231.76bM112221 aMaalouf, Tony.eautor.10aArabs in the shadow of Israel :bthe unfolding of God's prophetic plan for Ishmael's line /cby Tony Maalouf. 1aGrand Rapids, Mich. :bKregel Publications,cc2003. a367 páginas.bilustraciones ;c22 centimetros atext2rdacontent aunmediated2rdamedia avolume2rdacarrier aBibliografía :páginas 337-355. aÍndices: páginas 356-367.0 aThe unfortunate beginning (Gen. 16:1/6) -- Hagar's songs in the night (Gen. 16:7/16) -- The pursuit of destiny (Gen. 17; 21:1/21) -- The Jewish Ishmael (Gal. 4:21/31) -- Sunrise of Abraham's children -- Job, son of the Arabian desert -- Agur and Lemuel, wise men from Arabia -- What became of Ishmael? -- Arabs haunted by world powers -- The Nabataeans : Ishmael finally settled -- Arab messianic expectations -- The magi-Arab worshipers of Christ (part 1) -- The magi-Arab worshipers of Christ (part 2). aSEG42 aSEG41 aSEG40 aSEG39 aP94 aP87 aP86 aP85 aP77 aP76 aP3504aBiblia.pGénesisxHistoria de los acontecimientos contemporáneos.14aÁrabes en la Biblia.24aOrigen de los árabes.24aHistoria de las relaciones judío-árabes.24aRelaciones judío-árabesxAspectos religiososxCristianismo. 4aJudíosxHistoria. 4aPalestinaxHistoria.